[Event "Moscow"]
[Site "Moscow"]
[Date "1981.04.??"]
[Round "4"]
[White "Karpov, Anatoly"]
[Black "Beliavsky, Alexander G"]
[Result "1-0"]
[WhiteElo "2690"]
[BlackElo "2620"]
[Annotator "Belov,Igor"]
[PlyCount "67"]
[EventDate "1981.04.08"]
[EventType "tourn"]
[EventRounds "13"]
[EventCountry "URS"]
[EventCategory "15"]
[SourceTitle "MCL"]
[Source "ChessBase"]
[SourceDate "1999.07.01"]
[SourceVersion "1"]
[SourceVersionDate "1999.07.01"]
[SourceQuality "1"]

1. c4 e6 2. Nc3 d5 3. d4 Be7 4. Nf3 Nf6 5. Bf4 O-O 6. e3 c5 7. dxc5 Nc6 (7... Bxc5 $142 8. cxd5 (8. Be2 $5) 8... Nxd5 9. Nxd5 exd5 $10) 8. cxd5 exd5 9. Be2 Bxc5 10. O-O Be6 11. Rc1 (11. Ne5 Bd6 12. Nxc6 bxc6 13. Qa4 Bxf4 14. Qxf4 c5 15. b3 $14 {Mikhalchishin,A-Beliavsky,A/URS/1981/1:0 (37) Inf 31/452/}) (11. Bg5 Be7 12. Nd4 h6 13. Bh4 Rc8 14. Rc1 $14) (11. Nb5 a6 12. Nbd4 Qb6 13. Nxc6 bxc6 14. Qc2 $14 {Meduna,E-Abramovic,B/Moscow/1982/}) 11... Bb6 12. Qa4 $5 (12. Ne5 d4 $5 13. Nxc6 bxc6 14. exd4 Qxd4 15. Qxd4 Bxd4 $10 {Knezevic,M-Rukavina,J/YUG(ch)/1981/}) ({RR} 12. Ne5 Ne7 13. Qa4 d4 14. exd4 Qxd4 15. Nf3 Qxa4 16. Nxa4 Bxa2 17. Bd6 Rfe8 18. Ra1 Nf5 19. Bb5 Bc4 20. Bxe8 Rxe8 21. Rfd1 Bb3 22. Nxb6 Bxd1 23. Rxd1 {½-½ (23) Vaganian,R (2590)-Beliavsky,A (2590) Baden 1980}) ({RR} 12. Na4 Rc8 13. a3 d4 14. Nxb6 Qxb6 15. Nxd4 Rfd8 16. Bf3 Nxd4 17. exd4 Bc4 18. Qc2 g5 19. Be5 Bxf1 20. Qxc8 Rxc8 21. Rxc8+ Kg7 22. Kxf1 Qxb2 23. g4 Qb5+ 24. Kg2 h5 25. gxh5 Qd7 26. Rc7 Qe6 {Guarin Fonseca,N (2061)-Rueda Rojas,R (2121) Bogota COL 2024 ½-½ (53)}) 12... Bd7 (12... Qe7 13. Rfd1 Rfd8 14. Bg5 h6 15. Bh4 Rac8 16. Nb5 $14 {Seirawan,Y-Byrne,R/USA(ch)/1981/}) 13. Rfd1 Nd4 (13... d4 $2 14. exd4 Nxd4 15. Rxd4 $18) 14. Qb4 Nxe2+ $146 (14... a5 15. Qa3 Nxe2+ 16. Nxe2 Bg4 17. Ned4 $14 {Gheorghiu,F-Soylu,S/Athens/1981/1:0 (34) Inf 32/500/}) ({RR} 14... a5 15. Qa3 Nxe2+ 16. Nxe2 Bg4 17. Qd6 Ra6 18. Qxd8 Bxd8 19. Be5 Re8 20. Bd4 Ne4 21. Kf1 a4 22. Nf4 Be6 23. Be5 Rc6 24. Ke2 Bb6 25. Nxe6 fxe6 26. Nd4 Bxd4 27. exd4 Rec8 28. Rxc6 Rxc6 29. f3 {Vaganian,R (2545)-Beliavsky,A (2555) Leningrad 1977 ½-½}) ({RR} 14... a5 15. Qa3 Nxe2+ 16. Nxe2 Bg4 17. Ned4 Rc8 18. h3 Bh5 19. Nf5 Rxc1 20. Rxc1 Kh8 21. Ne7 Qa8 22. Qd6 Bxf3 23. Qxb6 Be2 24. Rc7 h6 25. Be5 Qa6 26. Rxb7 Qxb6 27. Rxb6 Ng8 28. Nxd5 Bc4 29. Nc3 {Gheorghiu,F (2545)-Soylu,S (2235) Athens 1981 1-0 (34)}) 15. Nxe2 Bg4 16. Ned4 Ne4 (16... Bxd4 17. Qxd4 (17. Rxd4) 17... Bxf3 18. gxf3 $16) 17. h3 Be6 18. Rc2 $1 $14 { dc1/} Rc8 19. Rdc1 Rxc2 20. Rxc2 h6 $6 (20... Re8 $142) 21. a4 $1 {× b7/} Re8 $6 (21... a5 $5 22. Qb5 Nd6 23. Qd3 Ne4 $14) 22. Nxe6 $1 fxe6 (22... Rxe6 23. a5) 23. a5 $1 Bxa5 24. Qxb7 $16 Bb6 25. Ne5 Nd6 (25... Re7 26. Qa6 Rc7 27. Nc6 $18) 26. Qc6 Re7 27. Qa4 $1 Rc7 28. Rxc7 Qxc7 29. Nd3 $1 Qe7 (29... Qc4 30. Qd7 $1 Qxd3 31. Qxe6+ Nf7 32. Qe8+ $18) 30. Bxd6 $1 Qxd6 31. Qe8+ Kh7 32. Nf4 $18 e5 (32... d4 33. Qg6+ Kg8 34. Nxe6 Qd7 35. Nxd4 $1 Bxd4 36. Qd3 $18) 33. Ne6 Bc5 34. Qf7 (34. Qf7 Qe7 35. Qf5+ Kg8 36. Qxe5 $18) 1-0

[Event "Montreal International"]
[Site "Montreal"]
[Date "1979.04.14"]
[Round "4"]
[White "Karpov, Anatoly"]
[Black "Spassky, Boris Vasilievich"]
[Result "1-0"]
[WhiteElo "2705"]
[BlackElo "2640"]
[Annotator "ChessBase"]
[PlyCount "81"]
[EventDate "1979.04.11"]
[EventType "tourn"]
[EventRounds "18"]
[EventCountry "CAN"]
[EventCategory "15"]
[SourceTitle "MCL"]
[Source "ChessBase"]
[SourceDate "1999.07.01"]
[SourceVersion "1"]
[SourceVersionDate "1999.07.01"]
[SourceQuality "1"]

1. d4 {ChessBase II} Nf6 2. c4 e6 3. Nf3 d5 4. Nc3 Be7 5. Bf4 O-O 6. e3 c5 7. dxc5 Nc6 8. Qc2 Qa5 9. a3 Bxc5 10. Rd1 Be7 11. Nd2 Bd7 (11... e5 $13 {main line}) ({RR} 11... e5 12. Bg5 d4 13. Nb3 Qb6 14. Bxf6 Bxf6 15. Nd5 Qd8 16. Bd3 g6 17. exd4 Nxd4 18. Nxd4 exd4 19. Nxf6+ Qxf6 20. O-O Be6 21. Rfe1 Rac8 22. b3 Rfd8 23. Be4 Rc7 24. Qd2 Bg4 25. f3 Be6 26. a4) 12. Be2 (12. Nb3 Qb6 13. cxd5 Nxd5 14. Nxd5 exd5 15. Rxd5 Be6 (15... Bb4+ 16. Nd2 (16. axb4 Nxb4 17. Qd2 Nxd5 18. Qxd5 Be6 $19) 16... Rac8 $13) 16. Rb5) ({RR} 12. Nb3 Qb6 13. cxd5 Nxd5 14. Bd3 g6 15. O-O Nxf4 16. exf4 Rfd8 17. Na4 Qc7 18. Nac5 Nd4 19. Nxd4 Qxc5 20. Qxc5 Bxc5 21. Be4 Ba4 22. b3 Rxd4 23. Rxd4 Bxd4 24. bxa4 Rc8 25. Bxb7 Rc2 26. g3 Ra2 {Navara,D (2684)-Dubov,D (2708) chess.com INT 2022 ½-½ (44)}) 12... Rfc8 13. O-O (13. Nb3 Qb6 14. c5 $6 Bxc5 15. Na4 Nb4 $1 (15... Bb4+ 16. Kf1 $1 (16. axb4 Nxb4 17. Nxb6 Nxc2+ 18. Kd2 axb6 $17)) 16. axb4 (16. Qxc5 Bxa4) (16. Nxb6 Nxc2+ 17. Kd2 axb6 18. Kxc2 Ba4 $1 19. Rd3 Ne4 $17) 16... Bxa4 $17) 13... Qd8 14. cxd5 exd5 $146 (14... Nxd5 15. Nxd5 exd5 16. Qb3 Qb6 $6 17. Qxd5 Be6 18. Qb5) ({RR} 14... Nxd5 15. Nc4 Qe8 16. Bg3 b5 17. Nd6 Bxd6 18. Bxd6 Na5 19. Rd4 Nxc3 20. bxc3 Nc4 21. Bxc4 Rxc4 22. Rfd1 Rac8 23. Bb4 Rxd4 24. Rxd4 Bc6 25. e4 h6 26. Qd3 f5 27. exf5 exf5 28. f3 Qe1+ 29. Qf1 {Taborov,B (2365)-Lerner,K (2520) Yalta 1982 EXT 2022 [ChessBase II] 0-1 (36)}) 15. Nf3 $1 h6 16. Ne5 Be6 (16... Qe8 17. Nxc6 Bxc6 18. Qb3 Rd8 19. Bf3 Ne4 20. Nxd5 {? Tal} Ba4 {-+ Tal} 21. Nxe7+ Kf8 22. Rxd8 Bxb3 23. Rxe8+ Rxe8 24. Bxe4 $18) 17. Nxc6 Rxc6 18. Bf3 Qb6 19. Be5 $1 Ne4 20. Qe2 (20. Bd4 Bc5 21. Bxc5 Rxc5 22. Bxe4 dxe4 23. Qxe4 Qxb2 24. Na4 Re5 25. Qf4 Qb5) (20. Bxe4 dxe4 21. Qxe4 Qxb2 22. Nd5 Bxd5) 20... Nxc3 21. Bxc3 Rd8 (21... Bxa3 22. Bxg7 $1) (21... Rxc3 $5 22. bxc3 Qa5) 22. Rd3 $1 Rcd6 23. Rfd1 R6d7 24. R1d2 Qb5 25. Qd1 b6 26. g3 Bf8 27. Bg2 Be7 28. Qh5 $1 a6 29. h3 Qc6 30. Kh2 a5 31. f4 f6 (31... f5 32. Qg6 Bf8 33. Be5 {g3-g4}) 32. Qd1 Qb5 33. g4 g5 34. Kh1 Qc6 35. f5 Bf7 36. e4 Kg7 37. exd5 Qc7 38. Re2 b5 39. Rxe7 Rxe7 40. d6 Qc4 41. b3 1-0

[Event "World-ch29 Karpov-Kortschnoj +6-2=10"]
[Site "Merano"]
[Date "1981.10.31"]
[Round "11"]
[White "Kortschnoj, Viktor Lvovich"]
[Black "Karpov, Anatoly"]
[Result "1/2-1/2"]
[WhiteElo "2650"]
[BlackElo "2690"]
[Annotator "Kavalek,Lubomir"]
[PlyCount "70"]
[EventDate "1981.10.01"]
[EventType "match"]
[EventRounds "18"]
[EventCountry "ITA"]
[SourceTitle "MainBase"]
[Source "ChessBase"]
[SourceDate "1999.07.01"]
[SourceVersion "2"]
[SourceVersionDate "1999.07.01"]
[SourceQuality "1"]

1. c4 e6 2. Nc3 d5 3. d4 Be7 4. Nf3 Nf6 5. Bf4 {Plötzlich kehrt Kortschnoj zu seiner Lieblingsfortsetzung zurück. Diese ist weniger als üblich analysiert worden, auch das ist etwas wert.} O-O 6. e3 c5 7. dxc5 Bxc5 8. Qc2 {Der Zug 8.c4xd5 kann als eine rein positionelle Fortsetzung betrachtet werden, die ein Manövergefecht einleitet (Karpov-Beliavski Moskau 1981), während 8.Dc2 der Partie mehr taktischen Charakter verleiht.} Nc6 9. Rd1 ({RR} 9. a3 Qa5 10. Nd2 Be7 {½-½ (23) Sturua,Z (2505)-Janjgava,L (2495) Tbilisi 1991}) 9... Qa5 10. a3 Be7 11. Nd2 e5 12. Bg5 d4 13. Nb3 {Alles schon dagewesen in Baguio 1978.} Qd8 {Der Rückzug 13...Db6 gibt Schwarz nicht so viele Möglichkeiten zum Gegenspiel.} 14. Be2 {Weiß droht nun mit 15.ed4: ed4: 16.Le3 den Bd4 zu gewinnen.} (14. exd4 Nxd4 15. Nxd4 exd4 16. Nb5 Bc5 17. Be3 dxe3 $5 18. Rxd8 exf2+ 19. Kd1 Rxd8+ 20. Kc1 Be3+ 21. Kb1 Rd7 {Mit guter Kompensation.}) (14. exd4 exd4 15. Be3 Qe8 16. Nxd4 Nxd4 17. Rxd4 (17. Bxd4 {Scheint besser zu sein.}) 17... Bc5 18. Rd3 $2 Bf5) 14... a5 {Gellers Idee, um die Kontrolle über das Feld d4 durch Angriff auf den Sb3 mittels a5-a4 zu behaupten.} 15. exd4 (15. O-O a4 16. Nc1 Be6 {Faragó-Geller, Novi Sad 1979, Schwarz hatte keine Probleme .}) (15. Bxf6 Bxf6 16. O-O a4 17. Nc5 Qa5 18. N3xa4 Be7 19. b4 Qc7 {Schwarz gewann den Bauern bald zurück (Kortschnoj-Hûebner Meran (6) 1980/81).}) 15... a4 $5 {Dieser Bauer wird geopfert, um das Zusammenspiel der weißen Figuren zu stören.} 16. Nxa4 {Portischs Verbesserung von Gellers Analyse, der nur die Fortsetzung 16.de5: s. Var. angab.} (16. dxe5 axb3 17. Rxd8 (17. Qxb3 $2 Nd7 {Mit Figurengewinn.}) 17... bxc2 {Mit gutem Spiel für Schwarz.}) 16... Nxd4 {Erzwungen, denn nach 16...Ta4: s. Var. steht Weiß klar besser.} (16... Rxa4 17. d5 $1 Nb8 (17... Na5 18. d6 Bxd6 19. Nc5) 18. d6 Bxd6 19. c5) 17. Nxd4 exd4 18. b3 {Kämpft um die Initiative.} (18. Nc3 Qa5 {Greift den Sc3 und den Lg5 gleichzeitig an.} 19. Bxf6 Bxf6 20. b4 Qe5 21. Nd5 Bf5 {Gefolgt von 22...d4-d3, jetzt gewinnt Schwarz Material.}) (18. O-O Qa5 19. Bxf6 Bxf6 20. b3 Bd7 {Schwarz hat keine Probleme.}) 18... Qa5+ 19. Qd2 (19. Bd2 $5 Bf5 $1 20. Qb2 Qe5 21. Bb4 Bxb4+ 22. axb4 Rfe8 23. Rxd4 Bc2 $1 {Portisch-Beljawski, Moskau 1981, Schwarz hat die besseren Aussichten. Auf 19.Dd2 wollte Beljawski 19...Df5 spielen...}) 19... Bxa3 {Aber dies war der Zug den Portisch fürchtete.} 20. Qxa5 (20. Bxf6 Bb4 $1) 20... Rxa5 21. Bxf6 Bb4+ {Dieser Zwischenzug ist sehr wichtig: Schwarz verlangsamt die Koordination der weißen Figuren am Königsflügel.} 22. Kf1 gxf6 23. Rxd4 Re5 $1 24. g4 $146 b5 $1 25. cxb5 Bb7 26. f3 (26. Rg1 $2 Rfe8) 26... Rfe8 27. Bd1 Rxb5 28. Kg2 Kg7 29. Kf2 Ba5 30. Rf1 Re7 31. h3 h6 32. Bc2 Rc7 33. Rc4 Rxc4 34. bxc4 Rb4 35. c5 Bc6 1/2-1/2

[Event "Interpolis-07"]
[Site "Tilburg"]
[Date "1983.10.18"]
[Round "6"]
[White "Huebner, Robert"]
[Black "Karpov, Anatoly"]
[Result "1/2-1/2"]
[WhiteElo "2625"]
[BlackElo "2710"]
[PlyCount "87"]
[EventDate "1983.10.12"]
[EventType "tourn"]
[EventRounds "11"]
[EventCountry "NED"]
[EventCategory "15"]
[SourceTitle "MCD"]
[Source "ChessBase"]
[SourceDate "1999.07.01"]
[SourceVersion "1"]
[SourceVersionDate "1999.07.01"]
[SourceQuality "1"]

1. c4 e6 2. Nc3 d5 3. d4 Nf6 4. Nf3 Be7 5. Bf4 O-O 6. e3 c5 7. dxc5 ({RR} 7. cxd5 Nxd5 8. Nxd5 exd5 9. dxc5 {½-½ (20) Voiska,M (2339)-Roeder,M (2442) Crikvenica 2008}) 7... Bxc5 8. cxd5 Nxd5 9. Nxd5 exd5 10. a3 Nc6 11. Bd3 Bb6 12. O-O Bg4 13. h3 Bh5 14. Be2 Bxf3 15. Bxf3 d4 16. exd4 Bxd4 17. Qd2 Qb6 18. Rad1 Rad8 19. b4 Bf6 20. Qa2 Nd4 $146 21. Be4 Qb5 22. Kh1 Ne2 23. a4 Qh5 24. Bf3 Qf5 25. Rxd8 Rxd8 26. Bc7 Nc3 27. Qc4 Qd3 28. Qxd3 Rxd3 29. Bb8 Rd4 30. Re1 h6 31. Bxa7 Rxb4 32. a5 Rb5 33. Bb6 Na4 34. Re8+ Kh7 35. Rf8 Nxb6 36. Be4+ g6 37. Rxf7+ Bg7 38. axb6 Rxb6 39. Kg1 h5 40. Bxb7 h4 41. Be4 Rf6 42. Rc7 Kh6 43. Kf1 Rf4 44. Rc4 1/2-1/2

[Event "World-ch31-KK2 Kasparov-Karpov +5-3=16"]
[Site "Moscow"]
[Date "1985.10.26"]
[Round "20"]
[White "Karpov, Anatoly"]
[Black "Kasparov, Garry"]
[Result "1/2-1/2"]
[WhiteElo "2720"]
[BlackElo "2700"]
[PlyCount "170"]
[EventDate "1985.09.03"]
[EventType "match"]
[EventRounds "24"]
[EventCountry "URS"]
[SourceTitle "MainBase"]
[Source "ChessBase"]
[SourceDate "1999.07.01"]
[SourceVersion "2"]
[SourceVersionDate "1999.07.01"]
[SourceQuality "1"]

1. d4 d5 2. c4 e6 3. Nc3 Be7 4. cxd5 exd5 5. Bf4 Nf6 6. Qc2 O-O 7. e3 c5 8. dxc5 Bxc5 9. Nf3 Nc6 10. Be2 d4 ({RR} 10... Nb4 11. Qd1 Bf5 12. O-O Rc8 13. Rc1 Bb6 14. Bg5 h6 15. Bxf6 Qxf6 16. a3 Nc6 17. Qxd5 a6 18. Qb3 Na5 19. Qb4 Bd8 20. Rfd1 b5 21. Rd6 Be6 22. Rxa6 Nc4 23. Qxb5 {1-0 (23) Gretarsson,H (2548)-Glud,J (2544) Reykjavik 2014}) 11. exd4 Nxd4 12. Nxd4 Qxd4 13. Bg3 $146 ({RR} 13. Be3 Qe5 14. Bxc5 Qxc5 15. O-O Bf5 {½-½ (15) Ionescu,V (2140)-Baciu,A (2160) Romania 1992}) ({RR} 13. Be3 Qe5 14. Bxc5 Qxc5 15. O-O Be6 16. Rac1 Rac8 17. Qa4 Rfd8 18. Rcd1 Qb6 19. Rxd8+ Rxd8 20. Rd1 {½-½ (20) Anelli,A (2320)-Scarella,E (2358) Villa Ballester 2000}) 13... Be6 14. O-O Rac8 15. Bf3 b6 16. Rfe1 Qb4 17. Be5 Bd4 18. a3 Qc5 19. Bxd4 Qxd4 20. Rad1 Qc5 21. Qa4 a5 22. Qd4 Qxd4 23. Rxd4 Rfd8 24. Red1 Rxd4 25. Rxd4 Kf8 26. Kf1 Ke7 27. Ke2 Bb3 28. Ke3 Rc5 29. Kd2 h6 30. Be2 Ne8 31. Bf3 Nf6 32. Rd3 Re5 33. h3 Rc5 34. Rd4 Rc8 35. Be2 Rc5 36. Bd3 h5 37. g3 g6 38. Ne2 Nd7 39. Re4+ Re5 40. Nd4 Bd5 41. Re2 Rxe2+ 42. Bxe2 Nc5 43. Nb5 Ne4+ 44. Ke3 Nd6 45. Kd4 Bc6 46. Nxd6 Kxd6 47. Bc4 Be8 48. h4 f6 49. Bg8 Kc6 50. Ba2 Kd6 51. Bd5 Ke7 52. Bg8 Kd6 53. Bb3 Ke7 54. Bd1 Kd6 55. Be2 Bd7 56. Bd3 Be8 57. Bc4 Ke7 58. Be2 Kd6 59. g4 hxg4 60. Bxg4 Bf7 61. f4 f5 62. Bd1 Bd5 63. Ba4 Bf3 64. Bb3 Be2 65. Bf7 Bh5 66. Kc4 Be2+ 67. Kc3 Bh5 68. b4 Ke7 69. Bc4 Kd6 70. bxa5 bxa5 71. Kd4 Bf3 72. Bf1 Bd5 73. Be2 Bb7 74. Bd1 Bd5 75. Ke3 Kc5 76. Ba4 Bf7 77. Bd7 Kc4 78. a4 Kc5 79. Bb5 Kd5 80. Kd3 Kc5 81. Kc3 Kd6 82. Kd4 Bb3 83. Be8 Ke7 84. Bxg6 Bxa4 85. Bxf5 Kf6 1/2-1/2

[Event "October Revolution 60years"]
[Site "Leningrad"]
[Date "1977.07.06"]
[Round "9"]
[White "Knezevic, Milorad"]
[Black "Karpov, Anatoly"]
[Result "1/2-1/2"]
[WhiteElo "2500"]
[BlackElo "2690"]
[PlyCount "59"]
[EventDate "1977.06.25"]
[EventType "tourn"]
[EventRounds "17"]
[EventCountry "URS"]
[EventCategory "13"]
[SourceTitle "MCL"]
[Source "ChessBase"]
[SourceDate "1999.07.01"]
[SourceVersion "1"]
[SourceVersionDate "1999.07.01"]
[SourceQuality "1"]

1. d4 {Dautov,Rustem} d5 ({RR} 1... Nf6 2. c4 e6 3. Nc3 d5 4. Nf3 {½-½ (10) Medancic,R (2251)-Mihalj,M (2278) Zadar 2009}) 2. c4 e6 3. Nc3 Be7 4. Nf3 Nf6 5. Bf4 O-O 6. e3 c5 7. dxc5 Bxc5 8. a3 Be7 ({RR} 8... Nc6 9. Qc2 Qa5) ({RR} 8... b6 9. Qc2 Bb7 10. Rd1 Nbd7 11. Be2 Rc8 12. O-O h6 13. Ne5 Nxe5 14. Bxe5 Nd7 15. Bg3 dxc4 16. Bxc4 Qe7 17. Qe2 Nf6 18. b4 Bxb4 19. axb4 Qxb4 20. Bd6 Qxc4 21. Bxf8 Kxf8 22. Rc1 Qxe2 23. Nxe2 {Prohorov,O (2086)-Vesga Izeta,M (2320) chess.com INT 2026 ½-½ (67)}) 9. Be2 ({RR} 9. Qc2 Nc6 10. Be2 dxc4 11. Bxc4 Nh5 ({RR} 11... a6 12. Ba2 ({RR} 12. Bd3 Qa5 13. O-O e5 14. b4 Qc7 15. Bg3 Bg4 16. Ng5 g6 17. h3 Bd7 18. Bh2) 12... b5 13. O-O Bb7 14. Rad1 Qa5 15. Bb1 Rac8 ({RR} 15... Rfd8) 16. Rd7 Ba8 17. Bg5) 12. Rd1 Qa5 ({RR} 12... Qb6 13. Bg5) 13. Bd6 Bxd6 14. Rxd6 Rd8 ({RR} 14... Nf6 15. Rd2 ({RR} 15. O-O Qc5 16. Qd3 Ne8) 15... Rd8 ({RR} 15... Ne5 16. Nxe5 Qxe5 17. Bd3 h6 18. Ne4)) 15. Rxd8+ Qxd8 16. O-O Bd7 ({RR} 16... Nf6 17. Rd1 Qe7 18. Ne4) 17. Rd1 Nf6 ({RR} 17... Qe7 18. Ne4 Rd8 19. b4 Nf6 ({RR} 19... Be8 20. b5 Rxd1+ 21. Qxd1 Na5 22. Bf1 Nf6 23. Nxf6+ Qxf6 24. Qd6) 20. Nxf6+ ({RR} 20. Nc5 Be8) 20... Qxf6 21. b5 Na5 22. Bd3 h6) 18. Ne4 Nxe4 19. Qxe4 Qe7 ({RR} 19... h6 20. Bd3 f5 21. Qf4) 20. Ng5 Qxg5 ({RR} 20... g6 21. Qh4 h5 22. Qf4 ({RR} 22. Be2 e5 23. g4) 22... Rd8) 21. Rxd7 Rd8 ({RR} 21... Qe5 22. Qf3) 22. h4 Qf6 ({RR} 22... Qc5 23. Qxc6) 23. Rxb7 Na5 {Lautier,J (2665)-Karpov,A (2688) Cap d'Agde 2002 CBM 092 [Dautov,Rustem] 1-0 (43)} ({RR} 23... Rd1+ 24. Bf1 Rd2 25. f3) ({RR} 23... Rd2 24. Qf4)) 9... Nc6 10. O-O dxc4 11. Bxc4 $146 Nh5 12. Qxd8 Rxd8 13. Bc7 Rd7 14. Be5 g5 15. h3 Nxe5 16. Nxe5 Rc7 17. Be2 Nf6 18. Rfd1 Kf8 19. Rac1 Ne8 20. Nb5 Rxc1 21. Rxc1 Nd6 22. Rd1 Nxb5 23. Bxb5 a6 24. Bd3 h6 25. Be4 Rb8 26. Nd7+ Bxd7 27. Rxd7 b5 28. Ra7 Rb6 29. b4 Bf6 30. Bb7 1/2-1/2

[Event "WDR TV g/60'"]
[Site "Cologne"]
[Date "1983.??.??"]
[Round "?"]
[White "Huebner, Robert"]
[Black "Karpov, Anatoly"]
[Result "1/2-1/2"]
[WhiteElo "2625"]
[BlackElo "2710"]
[PlyCount "115"]
[EventDate "1983.??.??"]
[EventType "game"]
[EventRounds "1"]
[EventCountry "GER"]
[SourceTitle "EXT 2006"]
[Source "ChessBase"]
[SourceDate "2005.11.24"]
[SourceVersion "1"]
[SourceVersionDate "2005.11.24"]
[SourceQuality "1"]

1. c4 {Fernandez,Daniel Howard} e6 2. Nc3 d5 3. d4 Nf6 4. Nf3 Be7 5. Bf4 O-O 6. e3 c5 7. dxc5 Bxc5 8. cxd5 ({RR} 8. Qc2 Nc6) 8... Nxd5 ({RR} 8... exd5 9. Rc1) 9. Nxd5 exd5 10. a3 Nc6 11. Bd3 Bb6 12. O-O Bg4 ({RR} 12... Qf6 13. b4 Bf5 14. Bxf5 Qxf5 15. Qb1) 13. h3 Bh5 14. Be2 ({RR} 14. Bb1 d4 15. Qd3 ({RR} 15. e4 Bc7 16. Bxc7 Qxc7) 15... Bg6 ({RR} 15... f5) 16. e4 Re8 17. Re1 Qe7 ({RR} 17... Bc7) 18. Qb5 f6 ({RR} 18... Bc7 19. Qxb7 Bxf4 20. Qxc6 Rab8) ({RR} 18... Rac8) 19. Nh4 ({RR} 19. e5 Bxb1 20. Raxb1 fxe5 21. Bxe5) 19... Bf7 20. Nf5 Qc5 21. Qe2 Ne5 22. Bxe5 Qxe5 23. Bd3 Bg6 ({RR} 23... Kh8 24. Rac1 Bb3 25. Qf1 g6 26. f4 Qe6 27. Nh4 Rac8 28. Nf3 Ba5) 24. Qd2 Bxf5 ({RR} 24... Rac8) 25. exf5 Qd5 26. Qc2 ({RR} 26. Re2) 26... Kf8 27. Re6 Rxe6 28. fxe6 g6 {So,W (2780)-Anand,V (2768) Saint Louis 2018 CBM 186 [Fernandez,Daniel Howard] ½-½ (66)}) ({RR} 14. b4 a6 15. Re1) 14... Re8 ({RR} 14... Bg6 15. Ne5 d4 16. Nxg6 hxg6 17. exd4 Nxd4 18. Bc4 Qf6 19. Be3 Rad8 20. Qg4 Qe5 21. Rad1 Qh5 22. a4 Nc6 23. Bxb6 axb6 24. Qxh5 gxh5 25. Rfe1 g5 26. Rd5 Rxd5 27. Bxd5 Kg7 28. Re3 Rd8 29. Bf3 {Xiu,D (2518)-Dai,C (2557) Shenzhen 2025 1-0 (62)}) ({RR} 14... Bxf3 15. Bxf3 d4 16. exd4 Bxd4 17. Qb3 Qf6 18. Bg3 Na5 19. Qa4 Bxb2 20. Rab1 Nc6) ({RR} 14... Bxf3 15. Bxf3 d4 16. exd4 Bxd4 17. Qd2 Qb6 18. Rad1 Rad8 19. b4 Bf6 20. Qa2 Nd4 21. Be4 Qb5 22. Kh1 Ne2 23. a4 Qh5 24. Bf3 Qf5 25. Rxd8 Rxd8 26. Bc7 Nc3 27. Qc4 Qd3 28. Qxd3 Rxd3 29. Bb8 {Huebner,R (2625)-Karpov,A (2710) Tilburg 1983 ½-½ (44)}) 15. Rc1 h6 $146 ({RR} 15... Bg6 16. Bb5 Qf6 17. b4 Be4 18. Ng5 d4 19. Nxe4 Rxe4 20. Qf3 Rae8 21. Bd3 R4e7 22. e4 g5 23. Bg3 Qxf3 24. gxf3 Ne5 25. Bxe5 {½-½ (25) Morozevich,A (2771)-Carlsen,M (2776) Nice 2009}) 16. b4 a6 17. Rc2 d4 18. Nxd4 Nxd4 19. exd4 Bxe2 20. Rxe2 Qxd4 21. Qxd4 Bxd4 22. Rfe1 Rxe2 23. Rxe2 Rc8 24. Be3 Bf6 25. Bc5 Rc6 26. a4 a5 27. Re8+ Kh7 28. Re4 Bc3 29. g4 Kg6 30. Be7 f5 31. Rf4 fxg4 32. hxg4 Re6 33. Bf8 Rf6 34. Rxf6+ Kxf6 35. bxa5 Kf7 36. Ba3 g6 37. Kg2 Ke6 38. f4 Bxa5 39. Kf3 Bc7 40. Ke4 h5 41. gxh5 gxh5 42. f5+ Kf7 43. Bb2 h4 44. Kf3 h3 45. Bc3 Bd6 46. Bd4 Kg8 47. Bc3 Kh7 48. Bd2 Kg7 49. Bg5 Kf7 50. Bh4 Be5 51. Bg5 Ke8 52. Be3 Kd7 53. Bc5 Kc6 54. Be7 Kd5 55. Bd8 Bd6 56. Bg5 Bb8 57. Be3 Be5 58. Bg5 1/2-1/2

[Event "EU-chT 08th Final"]
[Site "Plovdiv"]
[Date "1983.??.??"]
[Round "6.1"]
[White "Miles, Anthony John"]
[Black "Karpov, Anatoly"]
[Result "1/2-1/2"]
[WhiteElo "2585"]
[BlackElo "2710"]
[PlyCount "30"]
[EventDate "1983.06.23"]
[EventType "team-tourn"]
[EventRounds "7"]
[EventCountry "BUL"]
[SourceTitle "EU-chT"]
[Source "ChessBase"]
[SourceDate "1999.07.01"]
[SourceVersion "2"]
[SourceVersionDate "1999.07.01"]
[SourceQuality "1"]
[WhiteTeam "England"]
[BlackTeam "Soviet Union"]
[WhiteTeamCountry "ENG"]
[BlackTeamCountry "URS"]

1. Nf3 Nf6 2. c4 e6 3. Nc3 d5 4. d4 Be7 5. Bf4 O-O 6. e3 c5 7. dxc5 Bxc5 8. Qc2 Nc6 9. Rd1 Qa5 10. a3 Be7 11. Rd2 Rd8 12. cxd5 exd5 ({RR} 12... Nxd5 13. Nxd5 exd5 14. Bd3 h6 15. O-O Bf6 16. Qb3 Bg4 17. Rfd1 Rd7 18. h3 Bxf3 19. gxf3 d4 20. Qb5 Qxb5 21. Bxb5 Rad8 22. Kf1 Rd5 23. Bxc6 bxc6 24. e4 Rb5 25. e5 Be7 26. Rxd4 Rxd4 27. Rxd4 {Browne,W (2585)-Karpov,A (2720) Tilburg 1982 ½-½ (35)}) ({RR} 12... Nxd5 13. Nxd5 exd5 14. Bd3 h6 15. O-O Bf6 16. Rfd1 Bg4 17. Bh7+ Kh8 18. Bf5 Bxf3 19. gxf3 d4 20. Kg2 dxe3 21. fxe3 Rxd2+ 22. Rxd2 Bxb2 23. Qxb2 Qxf5 24. Qxb7 Rd8 25. Rxd8+ Nxd8 26. Qb2 Ne6 27. Bg3 {Novikov,M (2500)-Domogaev,S (2510) Tula 2014 ½-½ (42)}) 13. Be2 $146 ({RR} 13. Bd3 g6 14. O-O d4 15. Nxd4 Nxd4 16. exd4 Rxd4 17. b4 Qh5 18. Ne2 Rd8 19. Bc7 Rd7 20. Rfd1 Bd6 21. Bxd6 Rxd6 22. Be4 Rxd2 23. Rxd2 Bg4 24. Bxb7 Re8 25. f3 Bd7 26. Ng3 Qe5 27. Ne4 Bf5 {Robatsch,K (2420)-Schuh,H Germany 1983 1-0 (51)}) 13... Bg4 14. O-O Bxf3 15. Bxf3 d4 1/2-1/2